[Event "Toronto op"]
[Site "Toronto"]
[Date "1998.05.17"]
[Round "7"]
[White "Kapetanovic, Armin"]
[Black "Kreiman, Boris"]
[Result "1/2-1/2"]
[WhiteElo "2465"]
[BlackElo "2445"]
[PlyCount "191"]
[EventDate "1998.05.14"]
[EventType "swiss"]
[EventRounds "9"]
[EventCountry "CAN"]
[SourceTitle "CBM 065 Extra"]
[Source "ChessBase"]
[SourceDate "1998.09.09"]
[SourceVersion "1"]
[SourceVersionDate "1998.09.09"]
[SourceQuality "1"]

1. d4 Nf6 2. Nf3 g6 3. c4 Bg7 4. Nc3 d5 5. Bf4 0-0 6. Rc1 dxc4 7. e4 Bg4 8. Bxc4 c6 9. e5 Nd5 10. Bxd5 cxd5 11. Qb3 Bxf3 12. gxf3 Nc6 13. Be3 Rb8 14. Qxd5 Qxd5 15. Nxd5 Rfd8 16. Rxc6 bxc6 17. Nxe7+ Kf8 18. Nxc6 Rxb2 19. Bc1 Rc2 20. Ba3+ Ke8 21. Nxd8 Bf8 22. Bxf8 Rc1+ 23. Ke2 Rxh1 24. Nxf7 Kxf7 25. Bc5 Ke6 26. Bxa7 Rxh2 27. a4 Rh1 28. a5 Ra1 29. Bb6 g5 30. Bd8 Kf5 31. Bc7 Ke6 32. Bd8 h6 33. f4 gxf4 34. Kf3 Kf5 35. Bc7 Ra3+ 36. Kg2 Ke6 37. Bb6 h5 38. Bd8 Kf5 39. Kh2 Ra4 40. Bb6 Ra2 41. Kg2 h4 42. Bd8 h3+ 43. Kxh3 Rxf2 44. Bb6 Ra2 45. d5 Ra3+ 46. Kh2 Ra2+ 47. Kh3 Kxe5 48. Bc7+ Kxd5 49. Bxf4 Rxa5 50. Kg2 Ke4 51. Bh2 Ra2+ 52. Kh1 Kf3 53. Bg1 Kg3 54. Bc5 Kf3 55. Bg1 Kg3 56. Bc5 Rh2+ 57. Kg1 Kh3 58. Bd6 Rg2+ 59. Kf1 Rg6 60. Bc7 Kg4 61. Kg2 Ra6 62. Bb8 Ra2+ 63. Kg1 Kf3 64. Bc7 Rg2+ 65. Kh1 Rg6 66. Kh2 Re6 67. Kg1 Rg6+ 68. Kh2 Kf2 69. Kh1 Rf6 70. Bb8 Rc6 71. Ba7+ Kg3 72. Bb8+ Kf3 73. Kg1 Rc8 74. Bd6 Kg4 75. Kg2 Rc2+ 76. Kg1 Kh3 77. Bb8 Rg2+ 78. Kf1 Rg7 79. Bd6 Rg6 80. Bc7 Kg4 81. Kg2 Rc6 82. Bb8 Rc2+ 83. Kg1 Rb2 84. Bc7 Kf3 85. Bd6 Rg2+ 86. Kh1 Rg7 87. Kh2 Rd7 88. Bb8 Kf2 89. Kh1 Rd1+ 90. Kh2 Rd8 91. Ba7+ Kf3 92. Bb6 Rd2+ 93. Kh1 Rd6 94. Ba7 Rg6 95. Bb8 Kf2 96. Bc7 1/2-1/2

[Event "Toronto op"]
[Site "Toronto"]
[Date "1998.05.16"]
[Round "4"]
[White "Kapetanovic, Armin"]
[Black "Beckwith, Paul H"]
[Result "1-0"]
[WhiteElo "2465"]
[BlackElo "2230"]
[PlyCount "93"]
[EventDate "1998.05.14"]
[EventType "swiss"]
[EventRounds "9"]
[EventCountry "CAN"]
[SourceTitle "CBM 065 Extra"]
[Source "ChessBase"]
[SourceDate "1998.09.09"]
[SourceVersion "1"]
[SourceVersionDate "1998.09.09"]
[SourceQuality "1"]

1. d4 Nf6 2. Nf3 e6 3. c4 b6 4. Nc3 Bb7 5. e3 d5 6. Bd3 Be7 7. 0-0 0-0 8. b3 Nbd7 9. Bb2 Ne4 10. Nd2 f5 11. f3 Nxc3 12. Bxc3 c5 13. Qe2 Bf6 14. Rad1 Qe8 15. cxd5 Bxd5 16. e4 Bc6 17. e5 cxd4 18. Bxd4 Be7 19. Bc4 Bc5 20. Bxc5 Nxc5 21. b4 Na4 22. Nb1 b5 23. Bb3 Nb6 24. Nc3 Nc4 25. Nxb5 Bxb5 26. Bxc4 Bxc4 27. Qxc4 Rc8 28. Qb3 Rc6 29. Rd6 Rxd6 30. exd6 Qd7 31. Rd1 Rc8 32. b5 Kf7 33. a4 Rb8 34. Qc4 Rc8 35. Qd4 Rc2 36. Rb1 g5 37. h3 h5 38. a5 g4 39. b6 axb6 40. axb6 gxf3 41. b7 f2+ 42. Qxf2 Rxf2 43. Kxf2 Qxd6 44. b8Q Qd4+ 45. Kf1 Qd3+ 46. Kg1 Qe3+ 47. Kh1 1-0

[Event "Toronto op"]
[Site "Toronto"]
[Date "1998.05.16"]
[Round "5"]
[White "Stripunsky, Alexander"]
[Black "Kapetanovic, Armin"]
[Result "1/2-1/2"]
[WhiteElo "2475"]
[BlackElo "2465"]
[PlyCount "101"]
[EventDate "1998.05.14"]
[EventType "swiss"]
[EventRounds "9"]
[EventCountry "CAN"]
[SourceTitle "CBM 065 Extra"]
[Source "ChessBase"]
[SourceDate "1998.09.09"]
[SourceVersion "1"]
[SourceVersionDate "1998.09.09"]
[SourceQuality "1"]

1. e4 e5 2. Nf3 Nf6 3. Nc3 Nc6 4. g3 g6 5. d4 exd4 6. Nxd4 Bg7 7. Nxc6 bxc6 8. Bg2 Ba6 9. f4 d5 10. e5 Nd7 11. Kf2 0-0 12. Re1 Re8 13. Be3 f6 14. Nxd5 fxe5 15. Nb4 exf4 16. gxf4 Bb7 17. Nxc6 Qh4+ 18. Kg1 Nf6 19. Bf2 Qxf4 20. Qd4 Nh5 21. Qd7 Nf6 22. Qd4 Nh5 23. Qd7 Nf6 24. Qh3 Ng4 25. Bg3 Qc4 26. Ne7+ Rxe7 27. Bxb7 Rae8 28. Rxe7 Rxe7 29. Qg2 Qc5+ 30. Kh1 Bxb2 31. Qd5+ Qxd5+ 32. Bxd5+ Kg7 33. Rb1 Bd4 34. Rb4 c5 35. Rb8 Nf6 36. Bf3 Ne4 37. Kg2 Nxg3 38. hxg3 h5 39. Rb7 Rxb7 40. Bxb7 g5 41. Bc6 g4 42. Be8 Kh6 43. a4 Bc3 44. Bf7 Kg5 45. Be8 Ba5 46. Bf7 Bc7 47. Be8 h4 48. gxh4+ Kxh4 49. Bd7 Kg5 50. Bc8 Kf4 51. Bd7 1/2-1/2

[Event "Toronto op"]
[Site "Toronto"]
[Date "1998.05.14"]
[Round "1"]
[White "Calton, Bill J"]
[Black "Kapetanovic, Armin"]
[Result "1/2-1/2"]
[WhiteElo "2270"]
[BlackElo "2465"]
[PlyCount "37"]
[EventDate "1998.05.14"]
[EventType "swiss"]
[EventRounds "9"]
[EventCountry "CAN"]
[SourceTitle "CBM 065 Extra"]
[Source "ChessBase"]
[SourceDate "1998.09.09"]
[SourceVersion "1"]
[SourceVersionDate "1998.09.09"]
[SourceQuality "1"]

1. d4 Nf6 2. Bg5 d5 3. Bxf6 exf6 4. e3 Nc6 5. a3 Be6 6. Bd3 Bd6 7. Ne2 0-0 8. Nd2 Ne7 9. c4 c6 10. 0-0 Qb8 11. h3 Rd8 12. Qc2 g6 13. Nc3 Qc8 14. Rfe1 Bxh3 15. gxh3 Qxh3 16. Nf1 Qg4+ 17. Kh1 Qh3+ 18. Kg1 Qg4+ 19. Kh1 1/2-1/2

[Event "YUG-ch"]
[Site "Kladovo"]
[Date "1991.??.??"]
[Round "6"]
[White "Kapetanovic, Armin"]
[Black "Barlov, Dragan"]
[Result "0-1"]
[WhiteElo "2440"]
[BlackElo "2505"]
[PlyCount "68"]
[EventDate "1991.02.??"]
[EventType "swiss"]
[EventRounds "13"]
[EventCountry "YUG"]
[SourceTitle "TD"]
[Source "ChessBase"]
[SourceDate "1994.03.01"]
[SourceVersion "1"]
[SourceVersionDate "1994.03.01"]
[SourceQuality "1"]

1. d4 Nf6 2. Nf3 c5 3. e3 g6 4. c4 Bg7 5. Be2 0-0 6. 0-0 cxd4 7. exd4 d5 8. Nc3 Nc6 9. Be3 dxc4 10. d5 Na5 11. b4 cxb3 12. axb3 Bg4 13. b4 Bxf3 14. gxf3 Rc8 15. Bd4 Nc4 16. Rxa7 Nd6 17. Ne4 Nfe8 18. Bxg7 Kxg7 19. Qd4+ Kg8 20. Rfa1 Nf5 21. Qe5 Ned6 22. Nc5 Rc7 23. Bd3 Ng7 24. Ne4 Nge8 25. Ra8 Qd7 26. Kg2 Nc8 27. Rb8 Nb6 28. Bb5 Qxb5 29. Rxe8 Rxe8 30. Qxc7 Nxd5 31. Qc5 Qd7 32. Re1 Nf4+ 33. Kg3 Nd3 34. Nf6+ exf6 0-1

[Event "Vienna op"]
[Site "Vienna"]
[Date "1991.??.??"]
[Round "6"]
[White "Kapetanovic, Armin"]
[Black "Baumhus, Reinhard"]
[Result "1-0"]
[WhiteElo "2440"]
[BlackElo "2375"]
[PlyCount "61"]
[EventDate "1991.10.??"]
[EventType "swiss"]
[EventRounds "9"]
[EventCountry "AUT"]
[SourceTitle "EXT 2000"]
[Source "ChessBase"]
[SourceDate "1999.11.16"]
[SourceVersion "1"]
[SourceVersionDate "1999.11.16"]
[SourceQuality "1"]

1. d4 d5 2. Nf3 Nc6 3. c4 Bg4 4. cxd5 Bxf3 5. gxf3 Qxd5 6. e3 e5 7. Nc3 Bb4 8. Bd2 Bxc3 9. bxc3 exd4 10. cxd4 Nge7 11. Bd3 0-0-0 12. Be4 Qd6 13. f4 Qe6 14. Qf3 f5 15. Bxc6 Nxc6 16. 0-0 g5 17. fxg5 h6 18. g6 Kb8 19. Kh1 Qxg6 20. Rg1 Qe6 21. Rab1 b6 22. Rb5 Qxa2 23. Qxc6 Qxd2 24. Rc5 Rh7 25. Rxf5 Qd3 26. Rf6 h5 27. h3 Rhd7 28. Rg5 Re7 29. Kh2 Qe2 30. Rgf5 a5 31. Rf8 1-0

[Event "Vienna op"]
[Site "Vienna"]
[Date "1991.??.??"]
[Round "5"]
[White "Kapetanovic, Armin"]
[Black "Brendel, Oliver"]
[Result "1-0"]
[WhiteElo "2440"]
[BlackElo "2325"]
[PlyCount "95"]
[EventDate "1991.10.??"]
[EventType "swiss"]
[EventRounds "9"]
[EventCountry "AUT"]
[SourceTitle "EXT 2000"]
[Source "ChessBase"]
[SourceDate "1999.11.16"]
[SourceVersion "1"]
[SourceVersionDate "1999.11.16"]
[SourceQuality "1"]

1. d4 Nf6 2. Nf3 g6 3. c4 Bg7 4. Nc3 0-0 5. e4 d6 6. Be2 e5 7. 0-0 exd4 8. Nxd4 Re8 9. f3 c6 10. Kh1 Nbd7 11. Bg5 Qb6 12. Nb3 a5 13. Qd2 a4 14. Be3 Qc7 15. Nd4 Qa5 16. Rfe1 Ne5 17. Rad1 d5 18. cxd5 cxd5 19. Ncb5 dxe4 20. Qxa5 Rxa5 21. Bd2 exf3 22. gxf3 b6 23. Bxa5 bxa5 24. Nd6 Rf8 25. Bb5 Nh5 26. Nxc8 Rxc8 27. Bxa4 Nf4 28. Bb5 h5 29. Re4 Nh3 30. Kg2 f5 31. Ree1 Nf4+ 32. Kg3 g5 33. h4 Neg6 34. Re8+ Rxe8 35. Bxe8 Nxh4 36. Kf2 g4 37. Kg3 Bxd4 38. Kxf4 Bf2 39. fxg4 hxg4 40. Bc6 Kf7 41. Bb7 Ba7 42. Rh1 Bf2 43. Kg5 Bd4 44. Rxh4 Bf6+ 45. Kh5 Bxb2 46. Rh2 Bc1 47. Bc8 Kf6 48. Rf2 1-0

[Event "YUG-chT"]
[Site "Cetinje"]
[Date "1991.??.??"]
[Round "9"]
[White "Kapetanovic, Armin"]
[Black "Drasko, Milan"]
[Result "1-0"]
[WhiteElo "2440"]
[BlackElo "2500"]
[PlyCount "77"]
[EventDate "1991.09.??"]
[EventType "team-swiss"]
[EventRounds "9"]
[EventCountry "YUG"]
[SourceTitle "EXT 1998"]
[Source "ChessBase"]
[SourceDate "1997.11.17"]
[SourceVersion "1"]
[SourceVersionDate "1997.11.17"]
[SourceQuality "1"]

1. Nf3 d5 2. d4 Nf6 3. c4 dxc4 4. Nc3 Bf5 5. e3 e6 6. Bxc4 a6 7. Ne5 Nbd7 8. Nxd7 Qxd7 9. f3 b5 10. Bb3 c5 11. e4 Bg6 12. Be3 cxd4 13. Qxd4 Qxd4 14. Bxd4 Nd7 15. a4 b4 16. Nd1 Rc8 17. Nf2 e5 18. Be3 Bc5 19. Ke2 Ke7 20. Rhc1 f5 21. Bc4 Bxe3 22. Kxe3 Nc5 23. Nd3 f4+ 24. Ke2 Nxd3 25. Bxd3 a5 26. Ba6 Rxc1 27. Rxc1 Ra8 28. Bb5 Ra7 29. Rc5 Kd6 30. Rd5+ Ke6 31. Bc4 Kf6 32. Rd6+ Kg5 33. Re6 Rc7 34. Rxe5+ Kf6 35. Re6+ Kg5 36. b3 Rc5 37. Ra6 Be8 38. Kd3 h5 39. Kd4 1-0

[Event "YUG-chT"]
[Site "Cetinje"]
[Date "1991.??.??"]
[Round "7"]
[White "Kapetanovic, Armin"]
[Black "Ivkov, Borislav"]
[Result "1/2-1/2"]
[WhiteElo "2440"]
[BlackElo "2485"]
[PlyCount "30"]
[EventDate "1991.09.??"]
[EventType "team-swiss"]
[EventRounds "9"]
[EventCountry "YUG"]
[SourceTitle "EXT 1998"]
[Source "ChessBase"]
[SourceDate "1997.11.17"]
[SourceVersion "1"]
[SourceVersionDate "1997.11.17"]
[SourceQuality "1"]

1. d4 Nf6 2. Nf3 d6 3. c4 Bg4 4. Nc3 g6 5. e4 Bg7 6. Be3 0-0 7. Be2 Nfd7 8. Ng1 Bxe2 9. Ngxe2 e5 10. 0-0 exd4 11. Nxd4 Nc6 12. Rc1 Re8 13. b3 Nc5 14. Nxc6 bxc6 15. f3 a5 1/2-1/2

[Event "YUG-ch"]
[Site "Kladovo"]
[Date "1991.??.??"]
[Round "10"]
[White "Kapetanovic, Armin"]
[Black "Karaklajic, Nikola"]
[Result "1-0"]
[WhiteElo "2440"]
[BlackElo "2375"]
[PlyCount "51"]
[EventDate "1991.02.??"]
[EventType "swiss"]
[EventRounds "13"]
[EventCountry "YUG"]
[SourceTitle "TD"]
[Source "ChessBase"]
[SourceDate "1994.03.01"]
[SourceVersion "1"]
[SourceVersionDate "1994.03.01"]
[SourceQuality "1"]

1. d4 d5 2. Nf3 Nf6 3. c4 c5 4. e3 cxd4 5. exd4 g6 6. cxd5 Bg7 7. Bb5+ Nbd7 8. d6 exd6 9. Qe2+ Qe7 10. Bf4 Qxe2+ 11. Bxe2 Ke7 12. Nc3 Nb6 13. 0-0 Be6 14. Rfe1 a6 15. Ng5 Nbd5 16. Bg3 Rac8 17. Nxd5+ Nxd5 18. Bg4 Nc7 19. d5 h6 20. dxe6 f5 21. Nf7 fxg4 22. Bxd6+ Kf6 23. Nxh8 Nxe6 24. Be5+ Kf5 25. Bxg7 Nxg7 26. Nf7 1-0

[Event "YUG-ch"]
[Site "Kladovo"]
[Date "1991.??.??"]
[Round "2"]
[White "Kapetanovic, Armin"]
[Black "Nicevski, Risto"]
[Result "1-0"]
[WhiteElo "2440"]
[BlackElo "2345"]
[PlyCount "195"]
[EventDate "1991.02.??"]
[EventType "swiss"]
[EventRounds "13"]
[EventCountry "YUG"]
[SourceTitle "TD"]
[Source "ChessBase"]
[SourceDate "1994.03.01"]
[SourceVersion "1"]
[SourceVersionDate "1994.03.01"]
[SourceQuality "1"]

1. Nf3 Nf6 2. c4 g6 3. Nc3 Bg7 4. e4 d6 5. d4 Bg4 6. Be3 0-0 7. h3 Bxf3 8. Qxf3 Nc6 9. d5 Ne5 10. Qd1 c6 11. Be2 cxd5 12. exd5 Qa5 13. 0-0 Rfc8 14. Qb3 Qc7 15. Rac1 a6 16. Na4 Ned7 17. Bb6 Qb8 18. Rfe1 Re8 19. Bf1 e6 20. dxe6 Rxe6 21. Rxe6 fxe6 22. Re1 e5 23. Rd1 Kh8 24. g3 e4 25. Bd4 Qc7 26. Nb6 Re8 27. Bg2 Nc5 28. Qc3 Rf8 29. Nd5 Nxd5 30. Bxg7+ Qxg7 31. Qxg7+ Kxg7 32. Rxd5 Rf6 33. Rd4 Nd3 34. Bxe4 Nxb2 35. Bxb7 a5 36. Bc6 a4 37. a3 Rf5 38. Bb5 Rf3 39. Rd2 Rb3 40. Kg2 h6 41. Rxd6 Rxa3 42. Ra6 Rc3 43. Bxa4 Rxc4 44. Be8 g5 45. Rg6+ Kh7 46. Rb6 Na4 47. Ra6 Nc5 48. Rc6 Rc1 49. Bg6+ Kg7 50. Bf5 Nb3 51. Rg6+ Kf7 52. Rxh6 Nd4 53. Bg4 Nc2 54. Kf3 Nb4 55. Rd6 Rc3+ 56. Ke2 Rc2+ 57. Ke3 Rc3+ 58. Ke4 Rc4+ 59. Kf3 Rc3+ 60. Ke2 Rc2+ 61. Kf1 Rc6 62. Rd4 Rc1+ 63. Kg2 Nc2 64. Rd7+ Kf6 65. Rd6+ Kf7 66. Bd1 Ke7 67. Rd2 Ne1+ 68. Kh2 Kf6 69. Bg4 Rc5 70. Rd6+ Kf7 71. Rd1 Re5 72. Rd2 Rc5 73. Bd1 Kf6 74. Rd4 Rc3 75. h4 Nd3 76. Kg2 Ke5 77. Rg4 gxh4 78. Rxh4 Rc1 79. Rh5+ Kf6 80. Rh1 Rb1 81. f4 Ra1 82. Rf1 Ra2+ 83. Kf3 Ra3 84. Kg4 Ra2 85. Bb3 Rb2 86. Bc4 Nc5 87. Re1 Rb4 88. Rc1 Rb7 89. Bd5 Rb5 90. Kh4 Nd3 91. Rc6+ Kg7 92. Bc4 Rc5 93. Rxc5 Nxc5 94. g4 Ne4 95. g5 Nd2 96. Bd5 Nf1 97. f5 Ne3 98. Be4 1-0

[Event "YUG-Cup qual"]
[Site "Arandjelovac"]
[Date "1991.??.??"]
[Round "4"]
[White "Kapetanovic, Armin"]
[Black "Strikovic, Aleksa"]
[Result "1-0"]
[WhiteElo "2440"]
[BlackElo "2495"]
[PlyCount "53"]
[EventDate "1991.??.??"]
[EventType "team"]
[EventRounds "5"]
[EventCountry "YUG"]
[SourceTitle "TD"]
[Source "ChessBase"]
[SourceDate "1994.03.01"]
[SourceVersion "1"]
[SourceVersionDate "1994.03.01"]
[SourceQuality "1"]

1. d4 d6 2. Nf3 g6 3. c4 Bg7 4. Nc3 Nd7 5. g3 e5 6. Bg2 Ngf6 7. 0-0 0-0 8. e4 c6 9. Re1 a5 10. Rb1 Re8 11. d5 Nc5 12. a4 Qc7 13. b3 Nfd7 14. Ba3 Bf8 15. Bh3 Na6 16. Re2 Ndc5 17. Bxc8 Raxc8 18. Ne1 Nb4 19. Bxb4 axb4 20. Na2 Na6 21. Qd2 c5 22. Ng2 Qd7 23. Nc1 Qh3 24. Nd3 Bh6 25. f4 Nb8 26. Rf1 Nd7 27. Nf2 1-0

[Event "YUG-Cup 33rd"]
[Site "Pula"]
[Date "1990.05.20"]
[Round "5"]
[White "Kapetanovic, Armin"]
[Black "Bujupi, Fatmir"]
[Result "1-0"]
[WhiteElo "2390"]
[BlackElo "2240"]
[PlyCount "139"]
[EventDate "1990.05.16"]
[EventType "team"]
[EventRounds "5"]
[EventCountry "YUG"]
[SourceTitle "TD"]
[Source "ChessBase"]
[SourceDate "1994.03.01"]
[SourceVersion "1"]
[SourceVersionDate "1994.03.01"]
[SourceQuality "1"]
[WhiteTeam "Jedinstvo"]
[BlackTeam "Pristina"]
[WhiteTeamCountry "YUG"]
[BlackTeamCountry "YUG"]

1. d4 Nf6 2. Nf3 g6 3. g3 Bg7 4. Bg2 0-0 5. 0-0 c5 6. c4 Na6 7. Nc3 d6 8. d5 e6 9. e4 exd5 10. exd5 Nc7 11. a4 Re8 12. Re1 Rxe1+ 13. Qxe1 Bf5 14. Qf1 Na6 15. Nh4 Bc2 16. Nf3 Nb4 17. Ne1 Qe7 18. Nxc2 Nxc2 19. Rb1 Ng4 20. Ne4 f5 21. Bg5 Qf8 22. Qd1 Nb4 23. Bf4 Ne5 24. Bxe5 Bxe5 25. Ng5 Qf6 26. Qd2 f4 27. Nf3 Qf5 28. Re1 fxg3 29. hxg3 Re8 30. Re2 Qd3 31. Qxd3 Nxd3 32. b3 Kf8 33. Re3 Nc1 34. Ng5 Kg8 35. Kf1 Re7 36. f4 Bf6 37. Ne6 Bd4 38. Rf3 Bf6 39. g4 Na2 40. g5 Bg7 41. Ke2 a6 42. Kd2 Nb4 43. a5 Bb2 44. Bh3 Bg7 45. f5 gxf5 46. Bxf5 Bb2 47. Bb1 Bg7 48. Rf2 Rd7 49. Ke2 Re7 50. Kf1 Rd7 51. Kg2 Re7 52. Kh3 Re8 53. Kg4 Bd4 54. Rf3 Bg7 55. Rf1 Re7 56. Rf3 Rd7 57. Nxg7 Kxg7 58. Rf6 Kg8 59. Rh6 Re7 60. Rxd6 Re1 61. Rd8+ Kf7 62. Bxh7 Rg1+ 63. Kf4 Rf1+ 64. Ke5 Ke7 65. Rb8 Re1+ 66. Kf4 Kd6 67. Rxb7 Nd3+ 68. Kg3 Re3+ 69. Kh4 Nf4 70. Kg4 1-0

[Event "Pula tt2"]
[Site "Pula"]
[Date "1990.??.??"]
[Round "11"]
[White "Kapetanovic, Armin"]
[Black "Miranovic, Rajko"]
[Result "1-0"]
[WhiteElo "2390"]
[BlackElo "2380"]
[PlyCount "145"]
[EventDate "1990.??.??"]
[EventType "team"]
[EventRounds "11"]
[EventCountry "YUG"]
[SourceTitle "EXT 2000"]
[Source "ChessBase"]
[SourceDate "1999.11.16"]
[SourceVersion "1"]
[SourceVersionDate "1999.11.16"]
[SourceQuality "1"]

1. Nf3 Nf6 2. c4 e6 3. d4 d5 4. Nc3 Be7 5. Bg5 h6 6. Bh4 b6 7. Rc1 0-0 8. Bxf6 Bxf6 9. cxd5 exd5 10. g3 Re8 11. Bg2 Bb7 12. 0-0 c6 13. Re1 Na6 14. e4 Nc7 15. exd5 Rxe1+ 16. Qxe1 cxd5 17. Ne5 Ne6 18. Rd1 a6 19. f4 Qd6 20. Qf2 Rd8 21. Ng4 Nc7 22. Nxf6+ Qxf6 23. Re1 Qd6 24. Re5 f6 25. Re2 Re8 26. f5 Rxe2 27. Nxe2 Bc8 28. g4 Bd7 29. Qf4 Qxf4 30. Nxf4 Bc6 31. Kf2 Kf7 32. Ke3 Ke7 33. h4 Kd6 34. Nh5 Ne8 35. Bf1 Bb7 36. Bd3 Bc8 37. b4 Bb7 38. Nf4 Nc7 39. Be2 Bc8 40. Kd2 Bb7 41. Kc3 Bc8 42. Kd2 Bb7 43. Ke3 Bc8 44. Nh5 Ne8 45. a4 Bb7 46. a5 b5 47. Nf4 Bc8 48. Nd3 h5 49. gxh5 Bxf5 50. Nc5 Nc7 51. Kf4 Bh3 52. Bg4 Bxg4 53. Kxg4 Ne6 54. Nxa6 Nxd4 55. Nc5 Nc6 56. a6 d4 57. Kf5 Ne7+ 58. Ke4 Nc6 59. Nb3 d3 60. Ke3 f5 61. Nd4 f4+ 62. Kd2 f3 63. Nxf3 Kc7 64. Ng5 Nxb4 65. Ne6+ Kb6 66. Nxg7 Nd5 67. h6 Nf6 68. Ne6 Kxa6 69. Ng5 Kb6 70. h7 Nxh7 71. Nxh7 Kc6 72. Kxd3 Kd5 73. Ng5 1-0

[Event "Pula tt2"]
[Site "Pula"]
[Date "1990.??.??"]
[Round "?"]
[White "Kapetanovic, Armin"]
[Black "Zelcic, Robert"]
[Result "1-0"]
[WhiteElo "2390"]
[BlackElo "2325"]
[PlyCount "105"]
[EventDate "1990.??.??"]
[EventType "team"]
[EventRounds "11"]
[EventCountry "YUG"]
[SourceTitle "EXT 2000"]
[Source "ChessBase"]
[SourceDate "1999.11.16"]
[SourceVersion "1"]
[SourceVersionDate "1999.11.16"]
[SourceQuality "1"]

1. d4 Nf6 2. Nf3 c5 3. e3 e6 4. c4 d5 5. Nc3 Nc6 6. cxd5 exd5 7. Bb5 Bd6 8. 0-0 0-0 9. dxc5 Bxc5 10. b3 Bg4 11. h3 Bh5 12. Bb2 Rc8 13. Rc1 Bd6 14. Na4 Bb8 15. Bxc6 Rxc6 16. Rxc6 bxc6 17. Qd4 Re8 18. Nd2 Be5 19. Qxa7 Bb8 20. Qd4 Qc7 21. f4 Qe7 22. b4 Be2 23. Re1 Bb5 24. Nc5 Bd6 25. a3 Ra8 26. Rc1 Nh5 27. Nf3 f5 28. Nd3 Re8 29. Re1 Bb8 30. Nde5 Ba7 31. Qc3 Nxf4 32. Nxc6 Bxc6 33. Qxc6 Rd8 34. Bd4 Nd3 35. Re2 Bxd4 36. Nxd4 Qe4 37. Ne6 Nc1 38. Re1 Nd3 39. Nxd8 Nxe1 40. Qe6+ Qxe6 41. Nxe6 Kf7 42. Nd4 g6 43. a4 Ke7 44. a5 Kd7 45. b5 Kc7 46. Ne6+ Kb7 47. Nc5+ Ka8 48. b6 Nc2 49. a6 Nb4 50. h4 h6 51. g3 g5 52. h5 Nc6 53. Ne6 1-0

[Event "Belgrade-A"]
[Site "Belgrade"]
[Date "1990.??.??"]
[Round "10"]
[White "Zakic, Srdjan"]
[Black "Kapetanovic, Armin"]
[Result "0-1"]
[WhiteElo "2355"]
[BlackElo "2390"]
[PlyCount "79"]
[EventDate "1990.??.??"]
[EventType "tourn"]
[EventRounds "13"]
[EventCountry "YUG"]
[EventCategory "4"]
[SourceTitle "EXT 1997"]
[Source "ChessBase"]
[SourceDate "1996.11.15"]
[SourceVersion "1"]
[SourceVersionDate "1996.11.15"]
[SourceQuality "1"]

1. e4 c5 2. Nf3 Nc6 3. d4 cxd4 4. Nxd4 Nf6 5. Nc3 d6 6. Bc4 e6 7. Be3 a6 8. Bb3 Qc7 9. f4 Na5 10. 0-0 b5 11. f5 e5 12. Nde2 Nxb3 13. cxb3 Bb7 14. a3 d5 15. Rc1 Qd7 16. Nxd5 Nxd5 17. exd5 Qxd5 18. Qxd5 Bxd5 19. f6 gxf6 20. Ng3 Rg8 21. Rxf6 Rg6 22. Rf5 Bxb3 23. Rxe5+ Re6 24. Rxe6+ fxe6 25. Rc7 Be7 26. Ne4 Kd8 27. Bb6 Bd5 28. Nc5 Ke8 29. Ra7 Rb8 30. Nd7 Rxb6 31. Nxb6 Bc5+ 32. Kf1 Bxb6 33. Rxa6 Bc7 34. a4 bxa4 35. Rxa4 Bxh2 36. Rh4 Be5 37. b4 Bd6 38. b5 Be7 39. Rxh7 Bc4+ 40. Kf2 0-1

[Event "Belgrade-A"]
[Site "Belgrade"]
[Date "1990.??.??"]
[Round "6"]
[White "Ziatdinov, Raset"]
[Black "Kapetanovic, Armin"]
[Result "1-0"]
[WhiteElo "2440"]
[BlackElo "2390"]
[PlyCount "105"]
[EventDate "1990.??.??"]
[EventType "tourn"]
[EventRounds "13"]
[EventCountry "YUG"]
[EventCategory "4"]
[SourceTitle "EXT 1997"]
[Source "ChessBase"]
[SourceDate "1996.11.15"]
[SourceVersion "1"]
[SourceVersionDate "1996.11.15"]
[SourceQuality "1"]

1. e4 e5 2. Nf3 Nf6 3. Nxe5 d6 4. Nf3 Nxe4 5. d4 d5 6. Bd3 Nc6 7. 0-0 Be7 8. c4 0-0 9. cxd5 Qxd5 10. Re1 Bf5 11. Bf4 Rfe8 12. Bxe4 Bxe4 13. Nc3 Bxf3 14. Nxd5 Bxd1 15. Rexd1 Bd8 16. Nxc7 Bxc7 17. Bxc7 Re7 18. Bg3 Rd7 19. d5 Rad8 20. Bc7 Rxc7 21. dxc6 Rb8 22. cxb7 g6 23. Rac1 Rbxb7 24. Rxc7 Rxc7 25. g3 Rc2 26. Rd8+ Kg7 27. Rb8 g5 28. h3 h5 29. a4 a5 30. Kg2 g4 31. h4 f6 32. Rb5 Kg6 33. Kf1 Rc1+ 34. Ke2 Rc4 35. Rxa5 Rc2+ 36. Ke3 Rxb2 37. Rb5 Ra2 38. a5 Ra4 39. Kd3 Ra2 40. Kc4 Rxf2 41. Rb3 f5 42. Ra3 f4 43. a6 fxg3 44. a7 Rf8 45. a8Q Rxa8 46. Rxa8 g2 47. Ra1 Kf5 48. Kd3 g3 49. Ke3 Kg4 50. Rg1 Kxh4 51. Rxg2 Kh3 52. Ra2 h4 53. Ra4 1-0

[Event "Belgrade op"]
[Site "Belgrade"]
[Date "1989.??.??"]
[Round "2"]
[White "Petrovic, Zoran"]
[Black "Kapetanovic, Armin"]
[Result "0-1"]
[WhiteElo "2245"]
[BlackElo "2375"]
[PlyCount "100"]
[EventDate "1989.11.??"]
[EventType "swiss"]
[EventRounds "9"]
[EventCountry "YUG"]
[SourceTitle "EXT 1997"]
[Source "ChessBase"]
[SourceDate "1996.11.15"]
[SourceVersion "1"]
[SourceVersionDate "1996.11.15"]
[SourceQuality "1"]

1. e4 c5 2. c3 Nf6 3. e5 Nd5 4. d4 e6 5. Nf3 cxd4 6. cxd4 Nc6 7. Nc3 d6 8. Bb5 Nxc3 9. bxc3 Bd7 10. Qe2 Qa5 11. Bd2 Nxe5 12. c4 Nxf3+ 13. Qxf3 Qc7 14. Bxd7+ Qxd7 15. Rb1 d5 16. cxd5 exd5 17. 0-0 Be7 18. Rfe1 0-0 19. Re5 Rad8 20. Rh5 g6 21. Rh3 f5 22. Bf4 Bf6 23. Be5 Bxe5 24. dxe5 b6 25. Qa3 Rf7 26. f4 Qe6 27. Qb3 Rc7 28. Rd3 Rc5 29. Rbd1 Qc6 30. a4 Rc4 31. Qa3 Rxf4 32. Qe7 Re8 33. Qd6 Qxd6 34. exd6 Rxa4 35. Rxd5 Rae4 36. d7 Rd8 37. Rc1 Kf7 38. Rc7 a5 39. Rb7 Re6 40. Rb5 Ke7 41. R5xb6 Rxb6 42. Rxb6 Ra8 43. Kf2 a4 44. Ke3 a3 45. Rb1 a2 46. Ra1 Kxd7 47. Kd4 Kd6 48. Kc3 Kc5 49. Kb2 Kb4 50. g3 g5 0-1